Statistics for 2011 Stanley Cup Playoffs

Click here to take the quiz!

General Stats

  • This quiz has been taken 255 times
  • The average score is 13 of 16

Answers on the Map

Answers color-coded by a green-red scale on the quiz's map according to % correct below.
 

Answer Stats

Team% Correct
Boston Bruins
97%
Chicago Blackhawks
91%
Vancouver Canucks
91%
Pittsburgh Penguins
90%
Los Angeles Kings
88%
Montreal Canadiens
88%
San Jose Sharks
87%
Tampa Bay Lightning
85%
Washington Capitals
85%
New York Rangers
84%
Philadelphia Flyers
82%
Detroit Red Wings
81%
Anaheim Ducks
78%
Nashville Predators
72%
Phoenix Coyotes
67%
Buffalo Sabres
60%

Score Distribution

Percentile by Number Answered

Percent of People with Each Score

Your Score History

You have not taken this quiz